Geometry and physics of knots
Αποθηκεύτηκε σε:
| Κύριος συγγραφέας: | |
|---|---|
| Μορφή: | Βιβλίο |
| Γλώσσα: | English |
| Δημοσίευση: |
Cambridge ; New York :
Cambridge University press,
1990
|
| Σειρά: | Lezioni lincee
|
| Θέματα: | |
| Ετικέτες: |
Προσθήκη ετικέτας
Δεν υπάρχουν, Καταχωρήστε ετικέτα πρώτοι!
|
MARC
| LEADER | 00000nam a2200000 i 4500 | ||
|---|---|---|---|
| 001 | 1/74508 | ||
| 008 | 990519s1990 eng d | ||
| 020 | |a 0-521-39554-2 | ||
| 035 | |l 10049088 | ||
| 040 | |a GR-MY-UA |b gre |e aacr | ||
| 041 | 0 | |a eng | |
| 082 | 0 | |a 514.224 | |
| 100 | 1 | |a Atiyah, Michael Francis |d 1929- | |
| 245 | 1 | 0 | |a Geometry and physics of knots / |c Michael Atiyah |
| 260 | |a Cambridge ; New York : |b Cambridge University press, |c 1990 | ||
| 300 | |a x, 78 p.; |b ill.; |c 21 cm. | ||
| 490 | 1 | |a Lezioni lincee | |
| 500 | |a Includes bibliographical references and index | ||
| 650 | 0 | 0 | |a Knot theory. |
| 830 | 0 | |a Lezioni lincee | |
| 852 | |a INST |b SAMOS |e 19990519 |h 514.224 ATI |p 005300012804 |q 005300012804 |t BK |y 0 | ||
| 901 | |a BIBL3-1999-2 | ||
| 909 | |a Σ |b 063850 | ||
| 922 | |a 3ΕΛΗ |b 199901 |c ΚΠΣ |d GLORY | ||